Militärflugzeuge des Kalten Krieges - Bildquiz # 2 - Statistiken

Allgemein
  • Dieses Quiz wurde 204 mal gespielt
  • Das Durchschnittsergebnis liegt bei 6 aus 15
Antwortstatistiken
Bildquiz Antwort % Korrekt
Boeing B-52 Stratofortress
84%
McDonnell Douglas F-4 Phantom II
75%
Lockheed F-104 Starfighter
72%
Boeing CH-47 Chinook
70%
Mikoyan-Gurevich MiG-15
60%
Mikoyan MiG-29
60%
Lockheed C-130 Hercules
55%
Bell AH-1 Cobra
45%
Avro Vulcan
42%
Tupolev Tu-95
32%
Boeing B-47 Stratojet
16%
Tupolev Tu-22M
13%
Convair B-58 Hustler
11%
Dassault Mirage IV
5%
Fairchild C-119 Flying Boxcar
5%
Keine übereinstimmenden Quizze gefunden
Verteilung der Resultate
Anzahl Personen mit jedem Resultat
Perzentil nach korrekt beantworteten Fragen
Ihre Resultats-Entwicklung
Sie haben dieses Quiz noch nicht gespielt